Best Sports Players by Jersey Number - Statistics

General Stats
  • This quiz has been taken 64 times
  • The average score is 5 of 52
Answer Stats
Number Sport Player % Correct
23 NBA Michael Jordan
65%
12 NFL Tom Brady
46%
3 MLB Babe Ruth
37%
24 NBA Kobe Bryant
33%
42 MLB Jackie Robinson
20%
32 NBA Magic Johnson
20%
16 NFL Joe Montana
19%
18 NFL Peyton Manning
19%
9 NHL Gordie Howe
17%
35 NBA Kevin Durant
17%
00 NBA Robert Parish
17%
4 NHL Bobby Orr
15%
44 MLB Hank Aaron
15%
20 NFL Barry Sanders
13%
33 NBA Kareem Abdul-Jabbar
13%
13 NBA Wilt Chamberlain
13%
25 MLB Barry Bonds
11%
6 NBA Bill Russell
11%
14 MLB Pete Rose
11%
21 MLB Roberto Clemente
11%
34 NBA Shaquille O'Neal
11%
1 NBA Oscar Robertson
9%
43 NASCAR Richard Petty
9%
50 NBA David Robinson
7%
22 NFL Emmit Smith
7%
5 MLB Joe DiMaggio
7%
40 NFL Gale Sayers
6%
36 NFL Jerome Bettis
6%
48 NASCAR Jimmie Johnson
6%
11 NHL Mark Messier
6%
7 MLB Mickey Mantle
6%
8 NHL Teemu Selanne
6%
15 NFL Bart Starr
4%
2 NBA Moses Malone
4%
19 NHL Steve Yzerman
4%
45 MLB Bob Gibson
2%
38 MLB Curt Schilling
2%
41 NBA Dirk Nowitski
2%
31 MLB Greg Maddux
2%
39 NFL Larry Csonka
2%
47 NFL Mel Blount
2%
37 MLB Dave Stieb
0%
17 MLB Dizzy Dean
0%
46 MLB Lee Smith
0%
28 NFL Marshall Faulk
0%
30 NHL Martin Brodeur
0%
49 MLB Ron Guidry
0%
0 NBA Russell Westbook
0%
29 MLB Satchel Paige
0%
27 NHL Scott Niedermayer
0%
26 MLB Wade Boggs
0%
10 NBA Walt Frazier
0%
No matching quizzes found
Score Distribution
Percent of People with Each Score
Percentile by Number Answered
Your Score History
You have not taken this quiz